Drapeaux des pays bretons - Statistiques

Statistiques générales
  • Ce quiz a été pris 56 fois
  • Le résultat moyen est 5 sur 9
Statistiques - réponses
Par images Réponse % Correct
Léon
87%
Cornouaille
74%
Tregor
74%
Pays nantais
55%
Pays rennais
53%
Vannetais
53%
Pays de Saint-Malo
43%
Pays de Dol
40%
Pays de Saint-Brieuc
40%
Aucun quiz correspondant
Distribution des résultats
% des personnes avec chaque résultat
Percentile par nombre de réponses
Votre historique - résultats
Vous n’avez pas pris ce quiz